| 000 | 00409 a2200157 4500 | ||
|---|---|---|---|
| 003 | NUST | ||
| 005 | 20230304151658.0 | ||
| 040 | _cNust | ||
| 082 | _a891.439,HAS | ||
| 100 |
_a891.439 _9109754 |
||
| 110 |
_aDoctor Hasrat _9109755 |
||
| 245 |
_aHum log / ہم لوگ (Urdu) / _cDr. Hasrat kanroji |
||
| 260 |
_aIslamabad _bNational book foundation _c1997 |
||
| 300 | _a506 p. | ||
| 942 |
_2ddc _cBK _k891.439,HAS |
||
| 999 |
_c194205 _d194205 |
||